Donnissima /

Guardat en:
Dades bibliogràfiques
Autor principal: Farnese, Daniela (Autor)
Format: Llibre
Idioma:italià
Publicat: [Milano] : Rizzoli, 2016
Etiquetes: Afegir etiqueta
Sense etiquetes, Sigues el primer a etiquetar aquest registre!

MARC

LEADER 00000nam a2200000 i 4500
001 IT\ICCU\TO1\0015817
003 ItRI
005 20260115232050.0
008 160916s2016 it |||||| ||||| |||||c
015 |2 IT  |a 2016-8651 
020 |a 9788817088879 
040 |b ita  |c importazione bologna sebina 
041 7 |a ita  |2 ISO-639-2 
082 |a 853.92  |9 NARRATIVA ITALIANA, 2000-  |2 23 
100 1 |a Farnese, Daniela  |0 IT\ICCU\UBOV\959440  |4 aut 
240 1 0 |a Donnissima  |3 IT\ICCU\TO1\0015818  |9 Farnese, Daniela 
245 1 0 |a Donnissima /  |c Daniela Farnese. 
260 |a [Milano] :  |b Rizzoli,  |c 2016 
300 |a 290 p. ;  |c 22 cm. 
942 |2 ddc  |c BK  |n 0 
952 |0 0  |1 0  |4 0  |6 DOC_853_920000000000000_FAR  |7 0  |9 19442  |a BO  |b BO  |d 2026-01-15  |i 18351  |l 0  |o DOC 853.92 FAR  |p BO18351  |r 2026-01-15 23:20:50  |w 2026-01-15  |x [Sebina 5] [1 v.]  |y BK  |z 1 v. 
999 |c 16553  |d 16553